Diagnóstico preliminar sobre necesidades de formación, en pedagogía universitaria, del personal docente de la Universidad de Costa Rica
Gorde:
| Erakunde egilea: | |
|---|---|
| Formatua: | Liburua |
| Hizkuntza: | Spanish |
| Argitaratua: |
San José, Costa Rica :
Departamento Docencia Universitaria,
1986
|
| Gaiak: | |
| Etiketak: |
Etiketa erantsi
Etiketarik gabe, Izan zaitez lehena erregistro honi etiketa jartzen!
|
MARC
| LEADER | 00000nam a2200000Ia 4500 | ||
|---|---|---|---|
| 008 | 180424b1986 cr ||||| |||| 00| | spa d | ||
| 999 | |c 1813 |d 1813 | ||
| 090 | |a 06.03.06 |b 586 | ||
| 110 | 2 | |a Universidad de Costa Rica. Facultad de Educación. Escuela de Formación Docente. Depto. Docencia Universitaria |9 3608 | |
| 245 | 1 | 0 | |a Diagnóstico preliminar sobre necesidades de formación, en pedagogía universitaria, del personal docente de la Universidad de Costa Rica |
| 260 | |a San José, Costa Rica : |b Departamento Docencia Universitaria, |c 1986 | ||
| 300 | |a 99 páginas | ||
| 610 | 2 | 4 | |a UNIVERSIDAD DE COSTA RICA |9 714 |
| 650 | 1 | 4 | |a EDUCACIÓN SUPERIOR |9 8 |
| 650 | 1 | 4 | |a NECESIDADES DE EDUCACIÓN |9 834 |
| 650 | 1 | 4 | |a PERSONAL DOCENTE |9 1580 |
| 942 | |i 00148 |h 06.03.06 586 |2 z |c 01 | ||
